00753nam a22002057a 450000500170000001000150001702000260003203500140005803700090007208200090008110000310009024500550012125000060017626000350018227001220021730000200033994200200035999900190037995201490039820260128153833.0 aENG-147709 a9789390001118c295.00 aEN-131241 bDBAD 21aN aDoyle, Arthur Conan986994 aThe Return of Sherlock Holmes/cArthur Conan Doyle a1 aEast DelhibPharos Booksc2023 aPlot No. -63 Main Mother Dairy Road Pandav Nagar, East DelhibEast Delhie110092k011-403958555msales@pharosbooks.in a359p.c21cm(pb) 2ddccENmDOYhN c214605d214605 001040708FICaAVbAVd2026-01-28eDelivery of Books Act Divisiong295.00l0oDOY NpEN-131241r2026-01-28 00:00:00t1v295.00w2026-01-28yEN